00533nam a2200145 i 450000100060000000300090000600700030001500800410001810000240005924501860008326000390026930000330030885200240034185200220036521779ES-MaACLt|021127s1866 sp ||||1| spa d1 aAlmagro, Manuel de.10aBreve descripción de los viajes hechos en América por la Comisión Científica enviada por el gobierno de S. M. C. durante los años de 1862 a 1866 / cpor Manuel de Almagro. aMadrid : bM. Rivadeneyra, c1866. a174 p. : b2 map. ; c22 cm. aES-MaACLjT-268-F-1 aES-MaACLjG-11452